000 00485nam a2200193Ia 4500
999 _c24235
_d24235
003 0100
005 20190228124510.0
008 130303s9999 xx 000 0 und d
040 _cARRUPELIB
050 _aHN827.A8H45 1984
100 _aHope, Anne
_944404
245 _aTraining for Transformation
245 _bA Handbook for Community Workers
250 _aBooks I, II, III
260 _aGweru
260 _bMambo Press
_c1984
300 _a147p
650 _aCommunity development
_98596
650 _aAdult education
_928987
700 _aTimmel, Sally and Hodzi, Chris (illr.)
_944901
942 _2lcc
_cMONOGRAPH